Some NORCAL Coasters - Statistics

General Stats
  • This quiz has been taken 2 times
  • The average score is 2 of 15
Answer Stats
Hint Answer % Correct
SFDK The Joker
100%
SFDK Medusa
50%
SFDK Superman Ultimate Flight
50%
SFDK Batman
0%
SFDK Boomerang Coast to Coaster
0%
SFDK Cobra
0%
CGA Demon
0%
CGA Flightdeck
0%
SCBB Giant Dipper
0%
CGA Gold Striker
0%
SFDK Kong
0%
CGA Patriot
0%
SFDK Road Runner Express
0%
SFDK Sidewinder Safari
0%
SCBB Undertow
0%
No matching quizzes found
Score Distribution
Percent of People with Each Score
Percentile by Number Answered
Your Score History
You have not taken this quiz